[Event "2 Bundesliga Ost 2007/2008"]
[Site "20 2110Bruck,3011 212Bade"]
[Date "2007.12.02"]
[Round "5"]
[Board "3"]
[White "Schmid, Thomas"]
[Black "Wagner, Stefan"]
[Result "1/2-1/2"]
[WhiteElo "2181"]
[BlackElo "2103"]
[PlyCount "101"]
[EventDate "2007.10.20"]
[EventType "team"]
[EventRounds "11"]
[EventCountry "AUT"]
[WhiteTeam "SV Stockerau"]
[BlackTeam "SK Zwettl"]

1.e4 e5 2.Nf3 Nc6 3.Bb5 a6 4.Ba4 Nf6 5.O-O Be7 6.Re1 b5 7.Bb3 O-O 8.h3 d6 9.c3
Na5 10.Bc2 c5 11.d4 Nc6 12.Nbd2 exd4 13.cxd4 cxd4 14.Nb3 Nb4 15.Nbxd4 Nxc2
16.Qxc2 Bb7 17.Bf4 Rc8 18.Qd3 Re8 19.Nd2 Bf8 20.Nf5 d5 21.e5 Ne4 22.Nxe4 dxe4
23.Qg3 Qd7 24.Nxg7 Bxg7 25.Bh6 f5 26.exf6 Qf7 27.Bxg7 Qg6 28.Qe3 Rcd8 29.Rad1
Qf7 30.b3 Rd7 31.Rxd7 Qxd7 32.Qg3 Kf7 33.Rc1 Bc6 34.Qh4 e3 35.fxe3 Qd5 36.Qf2
Re5 37.Qc2 Rxe3 38.Rd1 Qe6 39.Bh6 Re1+ 40.Rxe1 Qxe1+ 41.Kh2 Qe5+ 42.g3 Be4
43.Qd2 Kxf6 44.Be3 Qd5 45.Bd4+ Kg6 46.Qf2 Qf5 47.g4 Qxf2+ 48.Bxf2 h5 49.Kg3 hxg4
50.hxg4 Bb1 51.a3

[Event "2 Bundesliga Ost 2007/2008"]
[Site "20 2110Bruck,3011 212Bade"]
[Date "2007.12.02"]
[Round "5"]
[Board "4"]
[White "Hangweyrer, Roman"]
[Black "Schirmbeck, Hannes"]
[Result "1-0"]
[WhiteElo "2143"]
[BlackElo "2162"]
[PlyCount "201"]
[EventDate "2007.10.20"]
[EventType "team"]
[EventRounds "11"]
[EventCountry "AUT"]
[WhiteTeam "SK Zwettl"]
[BlackTeam "SV Stockerau"]

1.c4 e5 2.Nc3 Nf6 3.Nf3 Nc6 4.g3 Bc5 5.Bg2 d6 6.O-O O-O 7.a3 a5 8.e3 Bg4 9.h3
Bh5 10.g4 Bg6 11.d4 Ba7 12.d5 Ne7 13.Nh4 Nd7 14.e4 Nc5 15.b4 Nd7 16.Bg5 h6
17.Nxg6 fxg6 18.Be3 g5 19.c5 Ng6 20.Nb5 Bb8 21.c6 bxc6 22.dxc6 Nf6 23.f3 Qc8
24.Nc3 Ba7 25.Bxa7 Rxa7 26.b5 Qb8 27.Qb3+ Kh7 28.b6 Ra6 29.Na4 cxb6 30.Qb5 Qa8
31.Rfc1 Nh4 32.Rc3 Ra7 33.Nxb6 Qb8 34.Rb1 Qc7 35.Nd5 Nxd5 36.exd5 Qf7 37.Qd3+
Kh8 38.Qe4 Ng6 39.Rcb3 Nf4 40.Rb7 Rxb7 41.Rxb7 Qxd5 42.Qxd5 Nxd5 43.c7 Kg8
44.Bf1 Nxc7 45.Rxc7 Rxf3 46.a4 Ra3 47.Bc4+ Kh7 48.Be6 Rxa4 49.Bf5+ Kg8 50.Bg6
Rf4 51.Ra7 Kf8 52.Rxa5 Ke7 53.Bf5 Kf6 54.Rd5 Ke7 55.Kg2 h5 56.Ra5 g6 57.Bc8 Rc4
58.Ba6 Rc2+ 59.Kf3 Rc3+ 60.Kg2 Ke6 61.Be2 h4 62.Bf3 Rc2+ 63.Kf1 Rd2 64.Ke1 Rd4
65.Ra8 Rf4 66.Bg2 Rb4 67.Re8+ Kf6 68.Rf8+ Ke7 69.Rg8 Kf6 70.Rf8+ Kg7 71.Rf2 Rb5
72.Rd2 Rb6 73.Bd5 Ra6 74.Ra2 Rb6 75.Ra7+ Kf8 76.Rf7+ Ke8 77.Rf6 Ke7 78.Re6+ Kd7
79.Rxg6 Rb1+ 80.Kf2 Rb2+ 81.Ke3 Rh2 82.Rg7+ Kd8 83.Ke4 Rxh3 84.Rxg5 Rh1 85.Kf5
Rd1 86.Ke6 Kc7 87.Rh5 Kb6 88.Rxh4 Kc5 89.Bf3 Rg1 90.Rh1 Rg3 91.Bd1 e4 92.Rh5+
Kd4 93.Rd5+ Ke3 94.Rxd6 Kf4 95.Rd5 Rg1 96.Kf6 e3 97.Rd4+ Kg3 98.g5 Kf2 99.Rf4+
Ke1 100.Bg4 Kd2 101.g6

[Event "2 Bundesliga Ost 2007/2008"]
[Site "20 2110Bruck,3011 212Bade"]
[Date "2007.12.02"]
[Round "5"]
[Board "5"]
[White "Schirmbeck, Stefanie"]
[Black "Lipp, Alfred"]
[Result "1/2-1/2"]
[WhiteElo "2054"]
[BlackElo "2144"]
[PlyCount "65"]
[EventDate "2007.10.20"]
[EventType "team"]
[EventRounds "11"]
[EventCountry "AUT"]
[WhiteTeam "SV Stockerau"]
[BlackTeam "SK Zwettl"]

1.Nf3 d5 2.c4 e6 3.e3 Nf6 4.Be2 Be7 5.O-O O-O 6.b3 c5 7.Bb2 Nc6 8.d4 b6 9.Nc3
Bb7 10.cxd5 exd5 11.Rc1 Rc8 12.Na4 Ne4 13.dxc5 bxc5 14.Nd2 Qa5 15.Nxe4 dxe4
16.Qe1 Qxe1 17.Rfxe1 Nb4 18.Red1 Rfd8 19.Bg4 Nd3 20.Bxc8 Rxc8 21.Rc3 c4 22.Bc1
Ba6 23.Nb2 Bb4 24.Rxc4 Bxc4 25.Nxc4 f5 26.Kf1 Kf7 27.Bd2 Bf8 28.Ke2 Ke6 29.f3 g5
30.fxe4 fxe4 31.Rf1 Bg7 32.Rd1 h5 33.h3

[Event "2 Bundesliga Ost 2007/2008"]
[Site "20 2110Bruck,3011 212Bade"]
[Date "2007.12.02"]
[Round "5"]
[Board "6"]
[White "Stadler, Peter"]
[Black "Amberger, Dieter"]
[Result "1-0"]
[WhiteElo "2103"]
[BlackElo "2083"]
[PlyCount "47"]
[EventDate "2007.10.20"]
[EventType "team"]
[EventRounds "11"]
[EventCountry "AUT"]
[WhiteTeam "SK Zwettl"]
[BlackTeam "SV Stockerau"]

1.d4 d5 2.Nf3 c6 3.c4 Nf6 4.Nc3 e6 5.e3 Nbd7 6.Bd3 dxc4 7.Bxc4 b5 8.Bd3 a6 9.e4
c5 10.e5 cxd4 11.Nxb5 Nxe5 12.Nxe5 axb5 13.O-O Qd5 14.Bf4 Bd6 15.Re1 Bb7 16.f3
O-O 17.Qe2 Rxa2 18.Rxa2 Qxa2 19.Bg5 Nd5 20.Nxf7 Rxf7 21.Qxe6 Nb4 22.Qxd6 Bc6
23.Qxb4 Qd5 24.Be4

[Event "2 Bundesliga Ost 2007/2008"]
[Site "20 2110Bruck,3011 212Bade"]
[Date "2007.12.02"]
[Round "5"]
[Board "1"]
[White "Papp, Gabor"]
[Black "Varga, Zoltan"]
[Result "1/2-1/2"]
[WhiteElo "2489"]
[BlackElo "2506"]
[PlyCount "25"]
[EventDate "2007.10.20"]
[EventType "team"]
[EventRounds "11"]
[EventCountry "AUT"]
[WhiteTeam "ASVOe SK Mattersburg"]
[BlackTeam "ASVOe SK Lackenbach"]

1.e4 d5 2.exd5 Qxd5 3.Nc3 Qd6 4.d4 Nf6 5.Nf3 c6 6.Ne5 Nbd7 7.f4 Nb6 8.Be2 h5
9.O-O Bf5 10.a4 a5 11.b3 g6 12.Ba3 Qc7 13.Qd2

[Event "2 Bundesliga Ost 2007/2008"]
[Site "20 2110Bruck,3011 212Bade"]
[Date "2007.12.02"]
[Round "5"]
[Board "2"]
[White "Hagara, Eduard"]
[Black "Petran, Peter"]
[Result "0-1"]
[WhiteElo "2372"]
[BlackElo "2360"]
[PlyCount "74"]
[EventDate "2007.10.20"]
[EventType "team"]
[EventRounds "11"]
[EventCountry "AUT"]
[WhiteTeam "ASVOe SK Lackenbach"]
[BlackTeam "ASVOe SK Mattersburg"]

1.e4 g6 2.d4 Bg7 3.Nc3 d6 4.Be3 a6 5.Qd2 b5 6.f3 c6 7.h4 h5 8.Nh3 Bxh3 9.Rxh3
Nd7 10.g4 Nb6 11.g5 d5 12.exd5 cxd5 13.b3 e6 14.a4 b4 15.Ne2 a5 16.Ng3 Ne7
17.Bd3 Nd7 18.f4 Qb6 19.Bb5 Ra7 20.O-O-O O-O 21.Kb1 Rc8 22.Ne2 Nf5 23.Bf2 Nb8
24.c4 bxc3 25.Rxc3 Rxc3 26.Qxc3 Rc7 27.Qd3 Nc6 28.Bxc6 Rxc6 29.Rc1 Rxc1+ 30.Kxc1
Bf8 31.Qc3 Kg7 32.Kc2 Bb4 33.Qc8 Nd6 34.Qd7 Qa6 35.Ng3 Ne4 36.f5 exf5 37.Qxd5
Nxf2

[Event "2 Bundesliga Ost 2007/2008"]
[Site "20 2110Bruck,3011 212Bade"]
[Date "2007.12.02"]
[Round "5"]
[Board "3"]
[White "Brod, Manfred"]
[Black "Vass, Frantisek"]
[Result "1/2-1/2"]
[WhiteElo "2198"]
[BlackElo "2417"]
[PlyCount "66"]
[EventDate "2007.10.20"]
[EventType "team"]
[EventRounds "11"]
[EventCountry "AUT"]
[WhiteTeam "ASVOe SK Mattersburg"]
[BlackTeam "ASVOe SK Lackenbach"]

1.e4 e6 2.d4 d5 3.Nc3 Nf6 4.Bg5 Bb4 5.exd5 Qxd5 6.Bxf6 Bxc3+ 7.bxc3 gxf6 8.Qg4
Nc6 9.Bd3 Bd7 10.Nf3 O-O-O 11.Qe4 Qa5 12.O-O e5 13.d5 Ne7 14.c4 Rdg8 15.Qh4 Qb6
16.Rfb1 Qd6 17.Qe4 c5 18.dxc6 Bxc6 19.Qe3 f5 20.Bf1 f6 21.Rd1 Qc7 22.Ne1 Kb8
23.Nd3 f4 24.Qh3 Bd7 25.Qh4 Rg5 26.Nb4 Nf5 27.Qh3 Nd4 28.Qa3 Rhg8 29.Rab1 Ka8
30.Nd5 Qc6 31.Rb6 Qa4 32.Qd6 Ne6 33.Rdb1 Bc6

[Event "2 Bundesliga Ost 2007/2008"]
[Site "20 2110Bruck,3011 212Bade"]
[Date "2007.12.02"]
[Round "5"]
[Board "4"]
[White "Ranits, Franz"]
[Black "Riedner, Martin"]
[Result "1-0"]
[WhiteElo "2214"]
[BlackElo "2190"]
[PlyCount "79"]
[EventDate "2007.10.20"]
[EventType "team"]
[EventRounds "11"]
[EventCountry "AUT"]
[WhiteTeam "ASVOe SK Lackenbach"]
[BlackTeam "ASVOe SK Mattersburg"]

1.e4 e6 2.d4 d5 3.Nd2 Nf6 4.e5 Nfd7 5.f4 c5 6.c3 cxd4 7.cxd4 Nc6 8.Ndf3 f5 9.Bd3
Be7 10.Ne2 Nb6 11.O-O Bd7 12.h3 O-O 13.g4 Rc8 14.Kh2 Nb4 15.Bb1 Bb5 16.gxf5 Rxc1
17.Nxc1 Bxf1 18.Qxf1 exf5 19.Nd3 Nc4 20.Nxb4 Bxb4 21.Qe2 Qa5 22.Bd3 Nd2 23.Nxd2
Bxd2 24.Qf2 Bb4 25.Bc2 Kh8 26.Bb3 Rc8 27.Rg1 Bf8 28.Qg2 b6 29.Qxd5 Qxd5 30.Bxd5
Rd8 31.Rc1 g6 32.Bb3 Rxd4 33.Rc8 Kg7 34.Rc7+ Kh6 35.Kg3 a5 36.Bg8 Bg7 37.e6 g5
38.e7 gxf4+ 39.Kf3 Re4 40.Rc6+

[Event "2 Bundesliga Ost 2007/2008"]
[Site "20 2110Bruck,3011 212Bade"]
[Date "2007.12.02"]
[Round "5"]
[Board "5"]
[White "Salamon, Werner"]
[Black "Stranz, Richard"]
[Result "1/2-1/2"]
[WhiteElo "2147"]
[BlackElo "2226"]
[PlyCount "34"]
[EventDate "2007.10.20"]
[EventType "team"]
[EventRounds "11"]
[EventCountry "AUT"]
[WhiteTeam "ASVOe SK Mattersburg"]
[BlackTeam "ASVOe SK Lackenbach"]

1.e4 c5 2.c3 e6 3.d4 d5 4.exd5 exd5 5.Nf3 Nc6 6.Be3 c4 7.b3 cxb3 8.axb3 Bd6
9.Bd3 Nge7 10.O-O Bf5 11.Re1 O-O 12.Bg5 f6 13.Bh4 Qd7 14.Bg3 Bxg3 15.hxg3 Rfe8
16.Qc2 Rac8 17.Bxf5 Nxf5

[Event "2 Bundesliga Ost 2007/2008"]
[Site "20 2110Bruck,3011 212Bade"]
[Date "2007.12.02"]
[Round "5"]
[Board "6"]
[White "Galavics, Hermann"]
[Black "Wutzlhofer, Robert"]
[Result "1/2-1/2"]
[WhiteElo "2041"]
[BlackElo "2063"]
[PlyCount "37"]
[EventDate "2007.10.20"]
[EventType "team"]
[EventRounds "11"]
[EventCountry "AUT"]
[WhiteTeam "ASVOe SK Lackenbach"]
[BlackTeam "ASVOe SK Mattersburg"]

1.d4 Nf6 2.c4 g6 3.Nc3 Bg7 4.e4 d6 5.Bd3 O-O 6.Nge2 e5 7.d5 c6 8.O-O Bg4 9.Be3
Nh5 10.Qd2 c5 11.f3 Bd7 12.g4 Nf6 13.Bg5 Qc8 14.Nb5 Bxb5 15.cxb5 Nbd7 16.Rac1
Kh8 17.Ng3 Ng8 18.h4 Bf6 19.Rf2

[Event "2 Bundesliga Ost 2007/2008"]
[Site "20 2110Bruck,3011 212Bade"]
[Date "2007.12.02"]
[Round "5"]
[Board "1"]
[White "Beckhuis, Gernod"]
[Black "Sulyok, Michael"]
[Result "1/2-1/2"]
[WhiteElo "2350"]
[BlackElo "2255"]
[PlyCount "64"]
[EventDate "2007.10.20"]
[EventType "team"]
[EventRounds "11"]
[EventCountry "AUT"]
[WhiteTeam "Austria Wien"]
[BlackTeam "SK Advisory Invest Baden"]

1.d4 f5 2.g3 Nf6 3.Bg2 g6 4.c4 Bg7 5.Nf3 O-O 6.O-O d6 7.Nc3 Qe8 8.d5 a5 9.Be3
Na6 10.Qd2 Bd7 11.Rae1 Ng4 12.Bd4 Bh6 13.Qd1 c5 14.dxc6 bxc6 15.e4 c5 16.exf5
cxd4 17.Nxd4 gxf5 18.Bxa8 Qxa8 19.Rxe7 Qd8 20.Rfe1 Nc5 21.Nd5 Bg5 22.f4 Bxe7
23.Nxe7+ Kh8 24.Ndxf5 Rxf5 25.Nxf5 Bxf5 26.Qd5 Be4 27.Qd4+ Nf6 28.Rd1 Bd3 29.b3
Qe7 30.Rxd3 Qe1+ 31.Kg2 Qe2+ 32.Kh3 Qg4+

[Event "2 Bundesliga Ost 2007/2008"]
[Site "20 2110Bruck,3011 212Bade"]
[Date "2007.12.02"]
[Round "5"]
[Board "2"]
[White "Miniboeck, Guenter"]
[Black "Hangweyrer, Manfred"]
[Result "1/2-1/2"]
[WhiteElo "2355"]
[BlackElo "2382"]
[PlyCount "43"]
[EventDate "2007.10.20"]
[EventType "team"]
[EventRounds "11"]
[EventCountry "AUT"]
[WhiteTeam "SK Advisory Invest Baden"]
[BlackTeam "Austria Wien"]

1.d4 Nf6 2.c4 c6 3.Nc3 d5 4.Nf3 a6 5.e3 Bf5 6.Qb3 Ra7 7.cxd5 cxd5 8.Be2 e6 9.Bd2
Nbd7 10.O-O Bd6 11.Rfc1 O-O 12.a4 Ne4 13.Be1 Nxc3 14.Bxc3 h6 15.Be1 g5 16.Bc3 f6
17.Nd2 Qe7 18.g3 Bg6 19.Bf3 f5 20.Bg2 g4 21.a5 Rb8 22.Qd1

[Event "2 Bundesliga Ost 2007/2008"]
[Site "20 2110Bruck,3011 212Bade"]
[Date "2007.12.02"]
[Round "5"]
[Board "3"]
[White "Staudner, Oliver"]
[Black "Schneider Zinner, Harald"]
[Result "1-0"]
[WhiteElo "2404"]
[BlackElo "2330"]
[PlyCount "57"]
[EventDate "2007.10.20"]
[EventType "team"]
[EventRounds "11"]
[EventCountry "AUT"]
[WhiteTeam "Austria Wien"]
[BlackTeam "SK Advisory Invest Baden"]

1.e4 e5 2.Nf3 d6 3.d4 exd4 4.Qxd4 a6 5.Bf4 Nc6 6.Qe3 Nf6 7.Nc3 Be7 8.h3 O-O
9.O-O-O Re8 10.g4 Nd7 11.g5 Bf8 12.h4 Nde5 13.h5 Bg4 14.Bxe5 Nxe5 15.Nxe5 Rxe5
16.f3 Bd7 17.f4 Re8 18.g6 fxg6 19.hxg6 h6 20.Bc4+ Be6 21.Qd3 Kh8 22.Qd4 c6
23.Rxh6+ Kg8 24.Rh7 Qf6 25.Rdh1 Qxg6 26.f5 Qg5+ 27.Kb1 Bxc4 28.Qxc4+ d5 29.Nxd5

[Event "2 Bundesliga Ost 2007/2008"]
[Site "20 2110Bruck,3011 212Bade"]
[Date "2007.12.02"]
[Round "5"]
[Board "4"]
[White "Brandner, Stefan"]
[Black "Plachetka, Jan"]
[Result "0-1"]
[WhiteElo "2318"]
[BlackElo "2398"]
[PlyCount "50"]
[EventDate "2007.10.20"]
[EventType "team"]
[EventRounds "11"]
[EventCountry "AUT"]
[WhiteTeam "SK Advisory Invest Baden"]
[BlackTeam "Austria Wien"]

1.g3 d5 2.Bg2 Nf6 3.d3 e5 4.Nf3 Bd6 5.e4 c6 6.O-O O-O 7.Re1 Nbd7 8.exd5 cxd5
9.Nc3 Re8 10.Nh4 Nb6 11.h3 h6 12.Qf3 Bb4 13.Bd2 e4 14.dxe4 dxe4 15.Nxe4 Rxe4
16.Rxe4 Qxd2 17.Rd1 Nxe4 18.Rxd2 Nxd2 19.Qf4 Ndc4 20.b3 g5 21.Qc7 Nd6 22.c3 Nb5
23.Qd8+ Bf8 24.c4 gxh4 25.cxb5 hxg3

[Event "2 Bundesliga Ost 2007/2008"]
[Site "20 2110Bruck,3011 212Bade"]
[Date "2007.12.02"]
[Round "5"]
[Board "5"]
[White "Kwatschewsky, Leo"]
[Black "Herndlbauer, Martin"]
[Result "1-0"]
[WhiteElo "2216"]
[BlackElo "2134"]
[PlyCount "75"]
[EventDate "2007.10.20"]
[EventType "team"]
[EventRounds "11"]
[EventCountry "AUT"]
[WhiteTeam "Austria Wien"]
[BlackTeam "SK Advisory Invest Baden"]

1.d4 d5 2.Nf3 Nf6 3.c4 c6 4.Nc3 dxc4 5.a4 Bf5 6.e3 e6 7.Bxc4 Bb4 8.O-O Nbd7
9.Qe2 Bg6 10.Ne5 Bh5 11.f3 Nxe5 12.dxe5 Nd7 13.g4 Bg6 14.f4 Qh4 15.e4 Bc5+
16.Kg2 O-O-O 17.Bd2 Nxe5 18.fxe5 Rxd2 19.Qxd2 Qxg4+ 20.Kh1 Bxe4+ 21.Nxe4 Qxe4+
22.Qg2 Qxc4 23.Rxf7 g5 24.Re1 Rd8 25.Qxg5 Qd5+ 26.Qg2 Qxg2+ 27.Kxg2 Rd2+ 28.Kg3
Rxb2 29.Re4 h5 30.Rc4 Bg1 31.Rh4 a5 32.Rxh5 Kb8 33.h4 c5 34.Rh8+ Ka7 35.Rc8 Bd4
36.Kg4 Rb4 37.Kg5 Bf2 38.Rxf2

[Event "2 Bundesliga Ost 2007/2008"]
[Site "20 2110Bruck,3011 212Bade"]
[Date "2007.12.02"]
[Round "5"]
[Board "1"]
[White "Timoscenko, Gennadij"]
[Black "Videki, Sandor"]
[Result "0-1"]
[WhiteElo "2487"]
[BlackElo "2420"]
[PlyCount "72"]
[EventDate "2007.10.20"]
[EventType "team"]
[EventRounds "11"]
[EventCountry "AUT"]
[WhiteTeam "1 Wr NeustAedter SV"]
[BlackTeam "SPG Data Technology Eichgraben/P"]

1.d4 d5 2.c4 c6 3.Nf3 Nf6 4.Nc3 e6 5.e3 Nbd7 6.Qc2 Bd6 7.Bd3 O-O 8.O-O dxc4
9.Bxc4 a6 10.Rd1 b5 11.Be2 Qc7 12.e4 e5 13.g3 Re8 14.dxe5 Nxe5 15.Bg5 Nfg4
16.Nd4 Bc5 17.b4 Bb6 18.h3 Qa7 19.Qd2 f6 20.Bf4 Rd8 21.hxg4 Rxd4 22.Qc2 Nxg4
23.Rxd4 Bxd4 24.Bxg4 Bxg4 25.Kg2 a5 26.bxa5 Qc5 27.Rc1 Qh5 28.Qb3+ Kh8 29.Nb1
Qh3+ 30.Kg1 Rd8 31.Rf1 Be2 32.Re1 Bc4 33.Qf3 Be6 34.Nd2 Bg4 35.Qb3 Bxf2+ 36.Kxf2
Qh2+

[Event "2 Bundesliga Ost 2007/2008"]
[Site "20 2110Bruck,3011 212Bade"]
[Date "2007.12.02"]
[Round "5"]
[Board "3"]
[White "Steiner, Bruno"]
[Black "Neumeier, Klaus"]
[Result "0-1"]
[WhiteElo "2247"]
[BlackElo "2273"]
[PlyCount "70"]
[EventDate "2007.10.20"]
[EventType "team"]
[EventRounds "11"]
[EventCountry "AUT"]
[WhiteTeam "1 Wr NeustAedter SV"]
[BlackTeam "SPG Data Technology Eichgraben/P"]

1.d4 Nf6 2.Bg5 e6 3.Nc3 h6 4.Bh4 d6 5.e4 c6 6.Qd3 Be7 7.O-O-O b5 8.e5 dxe5
9.dxe5 Qxd3 10.Bxd3 Ng4 11.Bg3 Nd7 12.Nf3 b4 13.Ne2 h5 14.h3 Nh6 15.Be4 Bb7
16.Nfd4 Rc8 17.Nf4 h4 18.Bh2 Nc5 19.Bf3 Bg5 20.Kb1 Ke7 21.Nd3 Nxd3 22.Rxd3 Ba6
23.Nxc6+ Rxc6 24.Bxc6 Bxd3 25.cxd3 Nf5 26.f4 Bh6 27.Rc1 Rc8 28.Rc4 Ne3 29.Re4
Nf1 30.Re1 Nxh2 31.Bb7 Rc7 32.Ba6 Bxf4 33.d4 g5 34.Bd3 g4 35.d5 exd5

[Event "2 Bundesliga Ost 2007/2008"]
[Site "20 2110Bruck,3011 212Bade"]
[Date "2007.12.02"]
[Round "5"]
[Board "4"]
[White "Weissenbeck, Manuel"]
[Black "Posch, Werner"]
[Result "1/2-1/2"]
[WhiteElo "2264"]
[BlackElo "2207"]
[PlyCount "30"]
[EventDate "2007.10.20"]
[EventType "team"]
[EventRounds "11"]
[EventCountry "AUT"]
[WhiteTeam "SPG Data Technology Eichgraben/P"]
[BlackTeam "1 Wr NeustAedter SV"]

1.d4 Nf6 2.Nf3 e6 3.c4 Nc6 4.Nc3 Bb4 5.Qc2 O-O 6.e3 d6 7.a3 Bxc3+ 8.Qxc3 a5 9.b3
Qe7 10.Bb2 Re8 11.Bd3 e5 12.d5 Nb8 13.Nd2 c6 14.dxc6 bxc6 15.O-O Nbd7

[Event "2 Bundesliga Ost 2007/2008"]
[Site "20 2110Bruck,3011 212Bade"]
[Date "2007.12.02"]
[Round "5"]
[Board "6"]
[White "Hechl, Gerald"]
[Black "Wiedner, Robert"]
[Result "1-0"]
[WhiteElo "2197"]
[BlackElo "2197"]
[PlyCount "71"]
[EventDate "2007.10.20"]
[EventType "team"]
[EventRounds "11"]
[EventCountry "AUT"]
[WhiteTeam "SPG Data Technology Eichgraben/P"]
[BlackTeam "1 Wr NeustAedter SV"]

1.e4 d6 2.d4 Nf6 3.Nc3 c6 4.f4 Bg4 5.Qd3 Qc8 6.h3 Bd7 7.g4 Na6 8.a3 Nc7 9.Bg2 g6
10.e5 dxe5 11.fxe5 Nfd5 12.Ne4 Ne6 13.Ne2 h5 14.c4 Nb6 15.d5 cxd5 16.cxd5 hxg4
17.dxe6 Bxe6 18.hxg4 Rxh1+ 19.Bxh1 Bg7 20.Bf4 Bxg4 21.Rc1 Qf5 22.Nf2 Qh5 23.Bxb7
Rb8 24.Bc6+ Kf8 25.Nxg4 Qxg4 26.Rd1 Kg8 27.e6 Rf8 28.exf7+ Rxf7 29.Bf3 Qh4+
30.Bg3 Qf6 31.Kf2 Qxb2 32.Qxg6 Rf8 33.Qe6+ Rf7 34.Rd8+ Bf8 35.Be5 Qc2 36.Qg4+

[Event "2 Bundesliga Ost 2007/2008"]
[Site "20 2110Bruck,3011 212Bade"]
[Date "2008.01.26"]
[Round "6"]
[Board "2"]
[White "Ganaus, Hannes"]
[Black "Groszpeter, Attila"]
[Result "0-1"]
[WhiteElo "2294"]
[BlackElo "2540"]
[PlyCount "110"]
[EventDate "2007.10.20"]
[EventType "team"]
[EventRounds "11"]
[EventCountry "AUT"]
[WhiteTeam "SPG Data Technology Eichgraben/P"]
[BlackTeam "Husek Wien"]

1.d4 Nf6 2.c4 g6 3.Nc3 d5 4.cxd5 Nxd5 5.e4 Nxc3 6.bxc3 Bg7 7.Bc4 c5 8.Ne2 Nc6
9.Be3 O-O 10.O-O Qc7 11.Rc1 Rd8 12.Bf4 Qd7 13.d5 Na5 14.Bd3 b5 15.Be3 c4 16.Bc2
e6 17.dxe6 fxe6 18.Bg5 Rf8 19.Qxd7 Bxd7 20.Rcd1 Rf7 21.Be3 e5 22.Rd2 Bc6 23.f3
Bf8 24.Rb1 a6 25.Kf2 Nb7 26.h4 Be7 27.Kg3 Kg7 28.Rdd1 Nc5 29.Ng1 h6 30.Nh3 Ne6
31.Rd2 a5 32.Nf2 h5 33.Nd1 b4 34.Rf2 Bb5 35.Bd2 Bc5 36.Be3 Bd6 37.Rd2 Be7 38.Rd5
Bc6 39.Rd2 Nf4 40.Kh2 Ne6 41.Bf2 bxc3 42.Rb6 cxd2 43.Rxc6 Nd4 44.Bxd4 exd4
45.Rxc4 Bd6+ 46.Kg1 Rc7 47.Rxc7+ Bxc7 48.Kf2 Rd8 49.Bd3 Rb8 50.g3 Rb4 51.Bc2 d3
52.Bxd3 Ra4 53.Bb1 Rc4 54.Bd3 Rc1 55.Ke2 Bxg3

[Event "2 Bundesliga Ost 2007/2008"]
[Site "20 2110Bruck,3011 212Bade"]
[Date "2008.01.26"]
[Round "6"]
[Board "3"]
[White "Beim, Valeri"]
[Black "Neumeier, Klaus"]
[Result "1/2-1/2"]
[WhiteElo "2523"]
[BlackElo "2273"]
[PlyCount "50"]
[EventDate "2007.10.20"]
[EventType "team"]
[EventRounds "11"]
[EventCountry "AUT"]
[WhiteTeam "Husek Wien"]
[BlackTeam "SPG Data Technology Eichgraben/P"]

1.d4 Nf6 2.Bg5 e6 3.e4 h6 4.Bxf6 Qxf6 5.Nc3 d6 6.Qd2 c6 7.f4 e5 8.dxe5 dxe5 9.f5
g6 10.Bd3 Be7 11.O-O-O Qg5 12.Nf3 Qxd2+ 13.Rxd2 h5 14.Rf1 Nd7 15.a3 g5 16.Rdd1
g4 17.Nd2 Bg5 18.Kb1 Bxd2 19.Rxd2 Ke7 20.Nd1 Nf6 21.Ne3 b5 22.c4 a6 23.cxb5 cxb5
24.Rc1 Rd8 25.Rc7+ Rd7

[Event "2 Bundesliga Ost 2007/2008"]
[Site "20 2110Bruck,3011 212Bade"]
[Date "2008.01.26"]
[Round "6"]
[Board "4"]
[White "Weissenbeck, Manuel"]
[Black "Boros, Denes"]
[Result "0-1"]
[WhiteElo "2264"]
[BlackElo "2460"]
[PlyCount "100"]
[EventDate "2007.10.20"]
[EventType "team"]
[EventRounds "11"]
[EventCountry "AUT"]
[WhiteTeam "SPG Data Technology Eichgraben/P"]
[BlackTeam "Husek Wien"]

1.Nf3 Nf6 2.c4 e6 3.g3 d5 4.d4 c6 5.Bg2 dxc4 6.O-O b5 7.a4 Bb7 8.b3 cxb3 9.Qxb3
a6 10.Bg5 Be7 11.Nc3 Nbd7 12.Rfd1 O-O 13.e4 h6 14.Bf4 b4 15.a5 Ra7 16.e5 bxc3
17.exf6 Nxf6 18.Qxc3 Nd5 19.Qc1 Ba8 20.Ne5 Bd6 21.Nd3 Nxf4 22.Nxf4 Bb4 23.Ra4
Bxa5 24.Bxc6 Rc7 25.Rc4 Qd6 26.d5 e5 27.Nd3 Bb6 28.Nb4 a5 29.Na6 Ra7 30.Nc5 Rd8
31.Ne4 Qg6 32.Bxa8 Raxa8 33.Qb1 Rab8 34.Qa2 Bd4 35.Nc3 Qf5 36.Rd2 Qf3 37.Qc2 Rb4
38.Rc7 Rdb8 39.Nd1 Qxd5 40.Qf5 g6 41.Qf6 R4b6 42.Qe7 R8b7 43.Nc3 Qf3 44.Rxb7
Rxb7 45.Qe8+ Kh7 46.Nb5 Qd5 47.Nc3 Qc4 48.Ne4 Rb1+ 49.Kg2 Qf1+ 50.Kf3 Qh1+

[Event "2 Bundesliga Ost 2007/2008"]
[Site "20 2110Bruck,3011 212Bade"]
[Date "2008.01.26"]
[Round "6"]
[Board "5"]
[White "Mihok, Oliver"]
[Black "Pichler, Michael"]
[Result "1/2-1/2"]
[WhiteElo "2371"]
[BlackElo "2170"]
[PlyCount "50"]
[EventDate "2007.10.20"]
[EventType "team"]
[EventRounds "11"]
[EventCountry "AUT"]
[WhiteTeam "Husek Wien"]
[BlackTeam "SPG Data Technology Eichgraben/P"]

1.e4 e6 2.d4 d5 3.Nc3 Nf6 4.Bg5 Be7 5.e5 Nfd7 6.h4 O-O 7.Nf3 c5 8.Bxe7 Qxe7
9.Nb5 a6 10.Nd6 cxd4 11.Bd3 f5 12.Qe2 Nc6 13.Kf1 Nc5 14.Qd2 Ne4 15.Qf4 Rd8
16.Re1 Nxd6 17.exd6 Qxd6 18.Ne5 Nxe5 19.Rxe5 Bd7 20.Qxd4 Bb5 21.g3 Bxd3+ 22.cxd3
Rac8 23.Kg2 Qc6 24.Rhe1 Rd6 25.R1e2 Rf8

[Event "2 Bundesliga Ost 2007/2008"]
[Site "20 2110Bruck,3011 212Bade"]
[Date "2008.01.26"]
[Round "6"]
[Board "6"]
[White "Hechl, Gerald"]
[Black "Kummer, Helmut"]
[Result "1/2-1/2"]
[WhiteElo "2197"]
[BlackElo "2373"]
[PlyCount "90"]
[EventDate "2007.10.20"]
[EventType "team"]
[EventRounds "11"]
[EventCountry "AUT"]
[WhiteTeam "SPG Data Technology Eichgraben/P"]
[BlackTeam "Husek Wien"]

1.Nf3 d5 2.c4 e6 3.g3 c5 4.Bg2 Nc6 5.O-O d4 6.e3 Nge7 7.a3 a5 8.exd4 cxd4 9.Re1
Nf5 10.d3 Be7 11.Nbd2 O-O 12.b3 f6 13.Ne4 Nd6 14.Nfd2 Nf7 15.f4 e5 16.Nf3 Be6
17.Bd2 Qd7 18.Qc1 Kh8 19.Qb2 exf4 20.gxf4 Bh3 21.Re2 Bxg2 22.Rxg2 f5 23.Ng3 g6
24.Re1 Bf6 25.b4 axb4 26.axb4 b5 27.Rge2 bxc4 28.dxc4 Nd6 29.Qb3 Qb7 30.b5 Nd8
31.Bb4 Qc7 32.Qd3 N8b7 33.Ne5 Ra4 34.Qb3 Rfa8 35.Nc6 Ra1 36.Kg2 Rxe1 37.Rxe1 Qf7
38.Bxd6 Nxd6 39.Rc1 Re8 40.Ne5 Bxe5 41.fxe5 f4 42.exd6 fxg3 43.Qxg3 Re2+ 44.Kg1
d3 45.Rd1 Qxc4

[Event "2 Bundesliga Ost 2007/2008"]
[Site "20 2110Bruck,3011 212Bade"]
[Date "2008.01.26"]
[Round "6"]
[Board "1"]
[White "Sulyok, Michael"]
[Black "Schroll, Gerhard"]
[Result "0-1"]
[WhiteElo "2255"]
[BlackElo "2409"]
[PlyCount "112"]
[EventDate "2007.10.20"]
[EventType "team"]
[EventRounds "11"]
[EventCountry "AUT"]
[WhiteTeam "SK Advisory Invest Baden"]
[BlackTeam "1 Wr NeustAedter SV"]

1.c4 e5 2.g3 Nf6 3.Bg2 Nc6 4.Nc3 Bb4 5.Nd5 Bc5 6.e3 O-O 7.Ne2 Re8 8.O-O a5 9.a3
d6 10.d3 Bg4 11.h3 Bd7 12.Kh2 Nxd5 13.cxd5 Ne7 14.b3 c6 15.dxc6 Bxc6 16.Bb2 Bxg2
17.Kxg2 Bb6 18.d4 f6 19.Qd3 Qd7 20.Rac1 Red8 21.Rfd1 Rac8 22.e4 Qe8 23.d5 Kf8
24.f4 Rxc1 25.Rxc1 Rc8 26.Rf1 Kg8 27.a4 exf4 28.Nxf4 Ng6 29.Ne6 Nf8 30.Nf4 Bc5
31.Qf3 b5 32.axb5 Bb6 33.Qd3 Nd7 34.Ne6 Nc5 35.Nxc5 Rxc5 36.Ba3 Qxb5 37.Qxb5
Rxb5 38.Bxd6 Rxb3 39.Bf4 Rb2+ 40.Kf3 Kf7 41.e5 Rb3+ 42.Ke2 fxe5 43.Bxe5+ Ke7
44.d6+ Ke6 45.Bf4 a4 46.Kd2 Bd8 47.Re1+ Kd7 48.Re4 a3 49.Ra4 Bf6 50.Ra7+ Ke6
51.d7 Be7 52.Be3 Rb5 53.Kc2 Rd5 54.Bc1 Rxd7 55.Ra5 Rc7+ 56.Kd2 Bb4+